Farewell to growth (Record no. 181777)

MARC details
000 -LEADER
fixed length control field 00837nam a2200265Ia 4500
008 - FIXED-LENGTH DATA ELEMENTS--GENERAL INFORMATION
fixed length control field 191130s2009##################000#0#eng##
020 ## - INTERNATIONAL STANDARD BOOK NUMBER
ISBN 9780745646169
082 ## - DEWEY DECIMAL CLASSIFICATION NUMBER
Classification number 338.9 LAT
100 ## - MAIN ENTRY--AUTHOR NAME
Personal name Latouche, Serge
245 ## - TITLE STATEMENT
Title Farewell to growth
Statement of responsibility, etc Serge Latouche ; translated by David Macey
260 ## - PUBLICATION, DISTRIBUTION, ETC. (IMPRINT)
Place of publication Cambridge
Name of publisher Polity
Year of publication 2009
300 ## - PHYSICAL DESCRIPTION
Number of Pages viii, 124 p. ; 22 cm
500 ## - GENERAL NOTE
General note Translated from the French. Includes bibliographical references and index
650 ## - SUBJECT ADDED ENTRY--TOPICAL TERM
Topical Term Consumption (Economics)
Topical Term Economic development
Topical Term Economics - Political aspects
Topical Term Economics - Psychological aspects
Topical Term Environmental economics
Topical Term Financial crises
991 ## -
-- 204740
Holdings
Withdrawn status Lost status Damaged status Not for loan Home library Current library Shelving location Date acquired Full call number Accession Number Price effective from Koha item type
        Anna Centenary Library Anna Centenary Library 4TH FLOOR, A WING 13.10.2020 338.9 LAT 129292 13.10.2020 English Books

Find us on the map